Wine Regions of France on a Map Quiz Stats

Quiz Updated Apr 22, 2016

Challenge
Share
Tweet
Score 0/13 Timer 03:00
0 Plays Today
% Correct
Loire
73.7%
Alsace
72.1%
Champagne
69.6%
Bordeaux
61.7%
Provence
61.7%
Languedoc-Roussillon
58.3%
Sud-Ouest
56.4%
Rhône
53.8%
Bourgogne
52.5%
Cognac
51.3%
Armagnac
47.7%
Savoie
46.5%
Jura
42.9%

You're not logged in!

Compare scores with friends on all Sporcle quizzes.
Join for Free
OR
Log In

You Might Also Like...

Show Comments

Extras

Top Quizzes Today


Score Distribution

Your Account Isn't Verified!

In order to create a playlist on Sporcle, you need to verify the email address you used during registration. Go to your Sporcle Settings to finish the process.

Report this User

Report this user for behavior that violates our Community Guidelines.

Details: